[Event "RUS-chT U11"]
[Site "Sochi"]
[Date "2019.05.10"]
[Round "9.3"]
[White "Khanukaev, Mark"]
[Black "Kotelnikov, Matvei"]
[Result "1-0"]
[WhiteElo "1374"]
[BlackElo "1181"]
[PlyCount "79"]
[EventDate "2019.05.01"]
[EventType "team-tourn"]
[EventRounds "9"]
[EventCountry "RUS"]
[SourceTitle "EXT 2022"]
[Source "ChessBase"]
[SourceDate "2021.10.06"]
[SourceVersion "1"]
[SourceVersionDate "2021.10.06"]
[SourceQuality "1"]

1. d4 Nf6 2. c4 g6 3. Nf3 Bg7 4. g3 0-0 5. Bg2 c6 6. 0-0 d5 7. Nc3 Ne4 8. Qb3 Nxc3 9. bxc3 b6 10. Bf4 Be6 11. cxd5 cxd5 12. Ng5 Nc6 13. Nxe6 fxe6 14. e4 Na5 15. Qb4 Qd7 16. Rfe1 Bf6 17. Bf3 Qc6 18. Rac1 Nc4 19. e5 a5 20. Qb3 Bg7 21. Rb1 Rab8 22. Bg5 Rb7 23. a4 h6 24. Bc1 Rfb8 25. Qc2 Kh7 26. Rb5 Rf8 27. Bg4 Rg8 28. h4 Bf8 29. h5 Rc7 30. hxg6+ Kg7 31. Kg2 Qd7 32. Bxh6+ Kh8 33. Qc1 Rg7 34. Bxg7+ Bxg7 35. Rh1+ Kg8 36. Rh7 Rc6 37. Qh1 Qe8 38. Rh8+ Bxh8 39. Qh7+ Kf8 40. Qxh8# 1-0

[Event "RUS-chT U11"]
[Site "Sochi"]
[Date "2019.05.04"]
[Round "4.3"]
[White "Khanukaev, Mark"]
[Black "Iljushin, Yaroslav"]
[Result "1-0"]
[WhiteElo "1374"]
[BlackElo "1041"]
[PlyCount "83"]
[EventDate "2019.05.01"]
[EventType "team-tourn"]
[EventRounds "9"]
[EventCountry "RUS"]
[SourceTitle "EXT 2022"]
[Source "ChessBase"]
[SourceDate "2021.10.06"]
[SourceVersion "1"]
[SourceVersionDate "2021.10.06"]
[SourceQuality "1"]

1. d4 d5 2. c4 e6 3. Nc3 Be7 4. cxd5 exd5 5. Bf4 Nf6 6. e3 0-0 7. Bd3 Nbd7 8. a3 Re8 9. Nb5 Bd6 10. Bxd6 cxd6 11. Rc1 Re7 12. Nxd6 Nb6 13. Nxc8 Nxc8 14. Nf3 Nb6 15. Ne5 Qd6 16. 0-0 Rae8 17. Bb5 Rd8 18. Qb3 Ne4 19. Rc2 f6 20. Nf3 Rf7 21. a4 Rdf8 22. a5 Na8 23. Rfc1 Qe6 24. Ne1 f5 25. Nd3 Rf6 26. Nf4 Qf7 27. Nxd5 Kh8 28. Bc4 Rh6 29. Nf4 Qf6 30. g3 Qe7 31. Bd5 g5 32. Ne6 Rg8 33. Rc8 Nd2 34. Rxg8+ Kxg8 35. Rc8+ Kf7 36. Qa2 Kg6 37. Rg8+ Kf6 38. b4 Qd6 39. Rxa8 f4 40. Rf8+ Kg6 41. Qc2+ Kh5 42. Ng7+ 1-0

[Event "Nezhmetdinov Memorial 40th"]
[Site "Kazan"]
[Date "2018.09.21"]
[Round "9"]
[White "Rafikov, Danis"]
[Black "Khanukaev, Mark"]
[Result "1-0"]
[WhiteElo "1307"]
[BlackElo "1182"]
[PlyCount "129"]
[EventDate "2018.09.13"]
[EventType "swiss"]
[EventRounds "9"]
[EventCountry "RUS"]
[SourceTitle "CBM 186 Extra"]
[Source "ChessBase"]
[SourceDate "2018.08.24"]
[SourceVersion "1"]
[SourceVersionDate "2018.08.24"]
[SourceQuality "1"]

1. e4 e5 2. Nf3 Nc6 3. Bb5 a6 4. Ba4 Nf6 5. d3 Bc5 6. 0-0 b5 7. Bb3 d6 8. c3 h6 9. h3 0-0 10. Re1 Re8 11. Nbd2 Bb6 12. Nf1 Ne7 13. Be3 c5 14. Qe2 Ng6 15. Rad1 Qc7 16. Ng3 Bd7 17. Nh2 Rac8 18. Nh5 Nxh5 19. Qxh5 c4 20. dxc4 bxc4 21. Bc2 Rb8 22. Rb1 Qd8 23. Red1 Qf6 24. Qf3 Qxf3 25. Nxf3 Bxe3 26. fxe3 Rb6 27. b4 Reb8 28. a4 Kf8 29. a5 Rc6 30. Ba4 Rc7 31. Bxd7 Rxd7 32. Rd5 Ne7 33. Rd2 Rdd8 34. Rbd1 f5 35. Rxd6 Rxd6 36. Rxd6 fxe4 37. Nxe5 Nf5 38. Nd7+ Ke7 39. Nxb8 Nxd6 40. Nc6+ Ke6 41. Nd4+ Kd5 42. Kf2 g6 43. Kg3 Nc8 44. Kf4 Ne7 45. h4 Nc8 46. g3 Nd6 47. g4 Nf7 48. h5 g5+ 49. Kf5 Ne5 50. Ne2 Kd6 51. Nd4 Kd5 52. b5 axb5 53. a6 Nd7 54. a7 Nb6 55. Nxb5 Kc6 56. Nd4+ Kd5 57. Kg6 Ke5 58. Kxh6 Kf6 59. Nf5 Na8 60. Kh7 Kf7 61. Nd6+ Kf8 62. Kg6 Nc7 63. h6 Kg8 64. h7+ Kh8 65. Nf7# 1-0

[Event "Nezhmetdinov Memorial 40th"]
[Site "Kazan"]
[Date "2018.09.17"]
[Round "5"]
[White "Khanukaev, Mark"]
[Black "Smorodkin, Kirill"]
[Result "0-1"]
[WhiteElo "1182"]
[BlackElo "1875"]
[PlyCount "68"]
[EventDate "2018.09.13"]
[EventType "swiss"]
[EventRounds "9"]
[EventCountry "RUS"]
[SourceTitle "CBM 186 Extra"]
[Source "ChessBase"]
[SourceDate "2018.08.24"]
[SourceVersion "1"]
[SourceVersionDate "2018.08.24"]
[SourceQuality "1"]

1. d4 Nf6 2. c4 g6 3. Nc3 d5 4. cxd5 Nxd5 5. e4 Nxc3 6. bxc3 Bg7 7. Bc4 c5 8. Ne2 Nc6 9. Be3 0-0 10. Rc1 cxd4 11. cxd4 Qa5+ 12. Kf1 e6 13. e5 Rd8 14. Ng3 Qa3 15. Qb3 Qxb3 16. axb3 Nxd4 17. f4 Nf5 18. Nxf5 exf5 19. Ke2 Bd7 20. Rhd1 Bc6 21. g3 Be4 22. Bd3 Bd5 23. Bc4 Bc6 24. Bc5 Bf8 25. Bd4 Bd5 26. Bxd5 Rxd5 27. Rc7 Rad8 28. Rc4 b5 29. Rc7 Rxd4 30. Rxd4 Rxd4 31. Rxa7 Re4+ 32. Kd3 Re3+ 33. Kc2 b4 34. Ra4 Rc3+ 0-1

[Event "Nezhmetdinov Memorial 40th"]
[Site "Kazan"]
[Date "2018.09.16"]
[Round "4"]
[White "Khusnutdinov, Abdul"]
[Black "Khanukaev, Mark"]
[Result "1/2-1/2"]
[WhiteElo "1724"]
[BlackElo "1182"]
[PlyCount "143"]
[EventDate "2018.09.13"]
[EventType "swiss"]
[EventRounds "9"]
[EventCountry "RUS"]
[SourceTitle "CBM 186 Extra"]
[Source "ChessBase"]
[SourceDate "2018.08.24"]
[SourceVersion "1"]
[SourceVersionDate "2018.08.24"]
[SourceQuality "1"]

1. d4 d5 2. Nf3 Nf6 3. c4 e6 4. Nc3 Be7 5. Bg5 Nbd7 6. e3 0-0 7. Bd3 h6 8. Bh4 c5 9. cxd5 Nxd5 10. Bxe7 Nxe7 11. 0-0 cxd4 12. exd4 Nf6 13. Qe2 Ned5 14. g3 b6 15. Ne5 Bb7 16. Rac1 Nb4 17. Rfd1 Nxd3 18. Qxd3 Nd5 19. a3 Rc8 20. Nb5 Rxc1 21. Rxc1 Qg5 22. Re1 Nf4 23. Qe3 Nh3+ 24. Kf1 Qf6 25. Nd6 Bd5 26. f3 Qe7 27. Ne4 Rc8 28. Nc3 Qb7 29. Kg2 Ng5 30. h4 Nh7 31. Nd3 Nf6 32. Kf2 Qb8 33. Qe5 Qb7 34. Qe3 Qc7 35. Ne5 Qb7 36. g4 Ne8 37. g5 h5 38. Rc1 Bb3 39. Qf4 Nd6 40. Nd3 Nf5 41. Re1 Rd8 42. Re4 Bc2 43. Qd2 Qc7 44. f4 Rxd4 45. Rxd4 Nxd4 46. Ne5 Qc5 47. b4 Qd6 48. Ne2 f6 49. Nc4 Qc6 50. Qxd4 Qh1 51. Ne3 Qxh4+ 52. Ng3 fxg5 53. Qd8+ Kh7 54. Qxg5 Qxg5 55. fxg5 Bg6 56. Ne2 h4 57. Nf4 e5 58. Nfg2 h3 59. Nh4 Bf7 60. Kg3 Be6 61. Nf3 Kg6 62. Nxe5+ Kxg5 63. N5g4 a5 64. Nf2 axb4 65. axb4 Kf6 66. Nxh3 Bxh3 67. Kxh3 Ke6 68. Kg4 Kd6 69. Kf4 Kc6 70. Ke4 Kb5 71. Nc2 Kc4 72. Kf5 1/2-1/2